000 03353nam a22003137u 4500
001 pwiiw7013
003 OSt
005 20260516120049.0
008 241029t2024 au ||||| |||||||| ||ger d
040 _cOSt
041 _ager
084 _aO33
_aO5
_2jelc
100 1 _aStehrer, Robert
_95
245 1 0 _aNeue Technologien und Löhne: Erste Analysen basierend auf österreichischen Mikrodaten
260 _aWien :
_bWiener Institut für Internationale Wirtschaftsvergleiche (wiiw),
_c2024.
300 _a34 S.,
_b12 Tables,
_c30cm.
490 1 _awiiw Research Reports in German Language
_v27
520 _aNeue Technologien und Löhne:Erste Analysen basierend auf österreichischen Mikrodaten This publication is available in German language only. For a brief English summary see further below. In diesem Bericht wird der Effekt der Verwendung neuer Technologien – von Robotern, 3D-Druck, Big Data und anderer softwarebasierter Anwendungen – auf Löhne und Lohnstrukturen untersucht. Die Untersuchung beruht auf der IKTU-Erhebung und weiteren detaillierten Daten auf Firmen- und Personenebene. Als Methode werden Mincer-Regressionen in einer Querschnittsanalyse geschätzt, in denen für Personen- und Firmenmerkmale kontrolliert wird. Für Letztere wird insbesondere eine Variable verwendet, die anzeigt, ob die Firma neue Technologien (z. B. Roboter) verwendet oder nicht. Die Resultate zeigen, dass die Auswirkungen der neuen Technologien auf Löhne durchaus differenziert betrachtet werden müssen. Die Effekte sind jedoch in allen Fällen gering bzw. insignifikant. Interessanterweise gibt es in so gut wie allen Fällen – mit Ausnahme der Verwendung von Chatservices –- einen positiven Effekt auf die Löhne der Frauen. Über die Bildungsgruppen hinweg zeigen sich leichte Polarisierungsmuster, wobei jedoch die Personen mit mittlerer Qualifikation im Durchschnitt eher positiv betroffen sind. New technologies and wages: First analyses based on Austrian microdata This report analyses the effect of the use of new technologies - robots, 3D printing, big data and other software-based applications - on wages and wage structures. The analysis is based on the ICT survey and other detailed data at company and individual level. Mincer regressions are estimated in a cross-sectional analysis in which personal and company characteristics are controlled for. For the latter, a variable indicating whether the firm uses new technologies (e.g. robots) or not is used. The results point towards a differentiated impact of the effects of new technologies on wages. Generally, the effects are small or insignificant in many cases. Interestingly, in almost all cases - except for the use of chat services - there is a positive effect on women's wages. There are slight polarisation patterns across the education groups. People with medium qualifications tend to be more positively affected on average. Analyse der österreichischen IKT-Landschaft: https://ict-and-microdata.wiiw.io
650 _aIKT
650 _aneue Technologien
650 _aLöhne
650 _aLohnstrukturen
650 _aMincer-Regressionen
651 _aAustria
690 _aLabour, Migration and Income Distribution
830 0 _v27
_wWIIW0000108
_twiiw Research Reports in German Language
856 4 0 _uhttps://wiiw.ac.at/p-7013.html
942 _cP
999 _c9128
_d9128